| 000 | 00583nam a22002297a 4500 | ||
|---|---|---|---|
| 005 | 20250207180917.0 | ||
| 008 | 190305b1997 xxu||||| |||| 00| 0 spa d | ||
| 020 | _a9780028620138 | ||
| 041 |
_aING _aESP |
||
| 082 | _aR 423 D545d2 | ||
| 245 | _aDiccionario internacional Inglés-Español, Español-Inglés | ||
| 250 | _a2 edición | ||
| 260 | _aEstados Unidos | ||
| 260 | _bMacmillan | ||
| 260 | _c1997 | ||
| 300 | _a1597 páginas | ||
| 505 | _aContiene disco compacto N° 89 | ||
| 650 | _aINGLÉS | ||
| 650 | _aESPAÑOL | ||
| 650 | _aDICCIONARIOS | ||
| 942 |
_cREF _2ddc |
||
| 999 |
_c11702 _d11702 |
||